000 00692nam a22002057a 4500
005 20251108170828.0
008 250721s1998 xx 000 0 ara d
082 1 4 _a362.809564/مهن
100 1 _aالمهنا، إبراهيم سليمان
245 1 0 _aأسر شهداء فلسطين واقع و تطلعات وحقوق :
_bدراسة ميدانية /
264 1 _aعمان :
_bدار حنين للنشر،
_c1998.
300 _a166ص
650 1 7 _aالرعاية الإجتماعية
650 1 7 _aرعاية الأسرة
650 1 7 _aالخدمة الإجتماعية
650 1 7 _aالشهداء
650 1 7 _aتاريخ فلسطين
942 _2ddc
_cBK
999 _c49976
_d49976